| 000 | 00000nam 2200000za 4500 |
| 001 | 9.835628 |
| 003 | CaOODSP |
| 005 | 20221107150716 |
| 007 | cr ||||||||||| |
| 008 | 170424s2017 quc #o f000 0 eng d |
| 020 | |z978-0-660-07358-3 |
| 040 | |aCaOODSP|beng |
| 041 | |afre|aeng |
| 043 | |an-cn--- |
| 086 | 1 |aCH4-178/2017-PDF|zCH4-178/2017 |
| 245 | 00|aCanada 150 |h[electronic resource] : |ble 150e anniversaire de la Confédération, c’est en 2017 que ça se passes! = Canada 150 : the 150th anniversary of Confederation : it’s happening in 2017! |
| 246 | 31|aCanada 150 : |bthe 150th anniversary of Confederation : it’s happening in 2017! |
| 260 | |a[Gatineau, QC] : |bPatrimoine canadien = Canadian Heritage, |cc2017. |
| 300 | |a[2] p. (un-numbered pages) |
| 500 | |aThe catalogue number (CH4-178/2017) and ISBN (978-0-660-07358-3) for the print edition have been copied in this electronic publication. |
| 520 | |a"Find out about activities that are happening in your community and across Canada, and plan your year of celebrations! Get involved as a volunteer, organizer or participant, and demonstrate your pride in being Canadian!" |
| 530 | |aIssued also in print format. |
| 546 | |aText in French and English on opposite pages. |
| 692 | 07|2gccst|aCanadian history |
| 692 | 07|2gccst|aCommemoration |
| 710 | 1 |aCanada. |bCanadian Heritage. |
| 776 | 0#|tBrochure Canada 150 |w(CaOODSP)9.831119 |
| 792 | |tCanada 150 |efre|w(CaOODSP)9.835629 |
| 856 | 40|qPDF|s1.26 MB|uhttps://publications.gc.ca/collections/collection_2017/pch/CH4-178-2017.pdf |